zpět

Detail výsledku týmu

Eden, Heřmanův Městec

Datum a čas kvízu

18 Celkem bodů Celkový počet nahraných bodů na tomto kvízu bez doplňovacích otázek.
8. Pořadí na kvízu Konečné umístění týmu na tomto kvízu.

Zaznamenané odpovědi

# Otázka Odpověď Body Výsledky
1. Minulý týden se v Praze konal... půllitry s pivem 0
2. Sarah Mullally stanula minulý... o anglikánskou církev 0
3. Minulé pondělí bylo oznámeno p... Simpsonovi ve filmu 1
4. Od 1. října už není možné žáda... Superdávka 1
5. Česká republika má od minulého... Linda Nosková 0
6. Wikipedii s nejvyšší pravděpod... z havajštiny 0
7. Fanoušci kvízu občas jistě se... D 1
8. Dobrým zdrojem informací jsou... Michal Suchánek, Richard Genzer 0
9. Mnemotechnické pomůcky se hodí... barvy duhy (pořadí) 0
10. Někdy však k úspěchu v kvízu s... 1D 2A 3B 4C 1